Dubai business handbook.
| Format: | Book |
|---|---|
| Published: |
Dubai:
Dubai Commerce and Tourism Promotion Board,
1993.
|
| Subjects: |
| LEADER | 00516cam a2200169 7i4500 | ||
|---|---|---|---|
| 001 | 0000003450 | ||
| 005 | 19991025090000.0 | ||
| 002 | ##000004818 | ||
| 020 | 0 | 0 | |a T000004349 |
| 090 | 0 | 0 | |a U.AE 338.7 |b DOB |
| 245 | 1 | 0 | |a Dubai business handbook. |
| 260 | 0 | 0 | |a Dubai: |b Dubai Commerce and Tourism Promotion Board, |c 1993. |
| 300 | 0 | 0 | |a 20 p.. |
| 650 | 0 | 0 | |a Business |
| 651 | 0 | 0 | |a United Arab Emirates |
| 999 | |a 0000005703 |b Book |c Open shelf |e Business Information Centre | ||
| 999 | |a 0000005701 |b Book |c Open shelf |e Business Information Centre | ||